| 000 | 00594nam a2200229Ia 4500 | ||
|---|---|---|---|
| 003 | OSt | ||
| 005 | 20221005121911.0 | ||
| 006 | a|||||r|||| 00| 0 | ||
| 007 | ta | ||
| 008 | 221004b |||||||| |||| 00| 0 eng d | ||
| 024 | _a36441 | ||
| 037 | _cTextual | ||
| 040 |
_aCRL _cCRL _beng |
||
| 041 |
_2eng _aeng |
||
| 082 | _aO:2aN2, F7 BB | ||
| 100 |
_aFirkins Ina Ten Eyck Au. _9631221 |
||
| 245 | 0 | _aIndex to plays,1900-1926 | |
| 260 | _c1947 | ||
| 650 | _aENGLISH LITERATURE | ||
| 942 |
_hO:2aN2, F7 BB _cTEXL _2cc |
||
| 999 |
_c1042610 _d1042610 |
||